| 000 | 00770cam a22002415a 4500 | ||
|---|---|---|---|
| 001 | 016597123 | ||
| 003 | OSt | ||
| 005 | 20201128024031.0 | ||
| 008 | 131113s2014 nhua frb 001 0 eng d | ||
| 020 | _a9781137332899 | ||
| 040 |
_aStDuBDS _beng _cStDuBDS _dUk _dEG-ScBUE |
||
| 082 | 0 | 4 |
_a658.11 _222 _bBUR |
| 100 | 1 |
_aBurns, Paul, _d1949- |
|
| 245 | 1 | 0 |
_aNew venture creation : _ba framework for entrepreneurial start-ups / _cPaul Burns. |
| 260 |
_aHampshire : _bPalgrave Macmillan, _c2014. |
||
| 300 |
_axix, 362 p. : _bill. ; _c25 cm. |
||
| 504 | _aIncludes bibliographical references and indexes. | ||
| 650 | 7 |
_aNew business enterprises. _2BUEsh _9239 |
|
| 650 | 7 |
_aBusiness planning. _2BUEsh _93321 |
|
| 651 | _2BUEsh | ||
| 653 |
_bBUSADM _cDecember2016 |
||
| 942 | _2ddc | ||
| 999 |
_c23416 _d23388 |
||